000 00263nam a2200109Ia 4500
008 190914s9999||||xx |||||||||||||| ||und||
100 _aDr.Abdul Wahab
245 0 _aSarkaari Idaron Ki Islah
260 _aKarachi
_bRoyal Book
_c2001
300 _a632
942 _cBK
999 _c9284
_d9284